000 00276 a2200121 4500
001 38542
082 _a604.2EID
090 _c24446
_d24446
100 _aEide A.R
245 _aengineering graphic fundamentals, 2/e
250 _a2
260 _aSingapore
_bMcGraw Hill
_c1996
942 _aNUST-CAE
_k604.2EID
999 _c273615
_d273615